MARC details
| 000 -LEADER |
| fixed length control field |
01635nam a22004215a 4500 |
| 006 - FIXED-LENGTH DATA ELEMENTS--ADDITIONAL MATERIAL CHARACTERISTICS--GENERAL INFORMATION |
| fixed length control field |
m||||fr||z| 00| 0 |
| 008 - FIXED-LENGTH DATA ELEMENTS--GENERAL INFORMATION |
| fixed length control field |
150823t2007 xxua|||frb||| 001 0 eng d |
| 010 ## - LIBRARY OF CONGRESS CONTROL NUMBER |
| LC control number |
2005058381 |
| 020 ## - INTERNATIONAL STANDARD BOOK NUMBER |
| International Standard Book Number |
0073270644 (DVD) |
| 020 ## - INTERNATIONAL STANDARD BOOK NUMBER |
| International Standard Book Number |
9780073270647 (DVD) |
| 020 ## - INTERNATIONAL STANDARD BOOK NUMBER |
| International Standard Book Number |
9780071106986 |
| 020 ## - INTERNATIONAL STANDARD BOOK NUMBER |
| International Standard Book Number |
0071106987 |
| 020 ## - INTERNATIONAL STANDARD BOOK NUMBER |
| International Standard Book Number |
9780071102421 |
| 020 ## - INTERNATIONAL STANDARD BOOK NUMBER |
| International Standard Book Number |
0071102426 |
| 035 ## - SYSTEM CONTROL NUMBER |
| System control number |
(OCoLC)ocm62534015 |
| 040 ## - CATALOGING SOURCE |
| Original cataloging agency |
EG-ScBuE |
| Language of cataloging |
eng |
| Transcribing agency |
EG-ScBuE |
| 082 04 - DEWEY DECIMAL CLASSIFICATION NUMBER |
| Classification number |
346.7307 |
| Item number |
BUS |
| Edition number |
22 |
| 245 00 - TITLE STATEMENT |
| Title |
Business law : |
| Remainder of title |
the ethical, global, and e-commerce environment / |
| Statement of responsibility, etc |
Jane P. Mallor ... [et al.]. |
| 250 ## - EDITION STATEMENT |
| Edition statement |
13th ed.,International ed. |
| 260 ## - PUBLICATION, DISTRIBUTION, ETC. (IMPRINT) |
| Place of publication, distribution, etc |
Boston : |
| Name of publisher, distributor, etc |
McGraw-Hill/Irwin, |
| Date of publication, distribution, etc |
c.2007. |
| 300 ## - PHYSICAL DESCRIPTION |
| Extent |
(various pagings) : |
| Other physical details |
ill. ; |
| Dimensions |
27 cm. + |
| Accompanying material |
2 DVD-ROMs (4 3/4 in.) |
| 500 ## - GENERAL NOTE |
| General note |
DVD-ROMs titled: You be the judge. |
| 500 ## - GENERAL NOTE |
| General note |
Includes index. |
| 500 ## - GENERAL NOTE |
| General note |
Includes glossary |
| 504 ## - BIBLIOGRAPHY, ETC. NOTE |
| Bibliography, etc |
Includes bibliographical references and index. |
| 590 ## - LOCAL NOTE (RLIN) |
| Local note |
yassmeen ashraf |
| 650 #0 - SUBJECT ADDED ENTRY--TOPICAL TERM |
| Topical term or geographic name as entry element |
Commercial law |
| Geographic subdivision |
United States |
| Form subdivision |
Cases. |
| Source of heading or term |
BUEsh |
| 650 #0 - SUBJECT ADDED ENTRY--TOPICAL TERM |
| Topical term or geographic name as entry element |
Business law |
| Geographic subdivision |
United States |
| Form subdivision |
Cases. |
| Source of heading or term |
BUEsh |
| 650 #0 - SUBJECT ADDED ENTRY--TOPICAL TERM |
| Topical term or geographic name as entry element |
Commercial law |
| Geographic subdivision |
United States. |
| Source of heading or term |
BUEsh |
| 650 #0 - SUBJECT ADDED ENTRY--TOPICAL TERM |
| Topical term or geographic name as entry element |
Business law |
| Geographic subdivision |
United States. |
| Source of heading or term |
BUEsh |
| 651 ## - SUBJECT ADDED ENTRY--GEOGRAPHIC NAME |
| Source of heading or term |
BUEsh |
| 653 ## - INDEX TERM--UNCONTROLLED |
| Resource For college |
BAEPS, Business Administration |
| Arrived date list |
August2015 |
| 700 1# - ADDED ENTRY--PERSONAL NAME |
| Personal name |
Mallor, Jane P. |
| 856 41 - ELECTRONIC LOCATION AND ACCESS |
| Materials specified |
Table of contents only |
| Uniform Resource Identifier |
<a href="http://www.loc.gov/catdir/enhancements/fy0665/2005058381-t.html">http://www.loc.gov/catdir/enhancements/fy0665/2005058381-t.html</a> |
| 856 41 - ELECTRONIC LOCATION AND ACCESS |
| Materials specified |
Publisher description |
| Uniform Resource Identifier |
<a href="http://www.loc.gov/catdir/enhancements/fy0665/2005058381-d.html">http://www.loc.gov/catdir/enhancements/fy0665/2005058381-d.html</a> |
| 856 41 - ELECTRONIC LOCATION AND ACCESS |
| Materials specified |
Contributor biographical information |
| Uniform Resource Identifier |
<a href="http://www.loc.gov/catdir/enhancements/fy0737/2005058381-b.html">http://www.loc.gov/catdir/enhancements/fy0737/2005058381-b.html</a> |
| 942 ## - ADDED ENTRY ELEMENTS (KOHA) |
| Item type |
Book - Borrowing |
| Call number prefix |
346.7307 BUS |
| Source of classification or shelving scheme |
Dewey Decimal Classification |